000 00512nam a2200193Ia 4500
003 GCL
008 140319s9999 xx 000 0 eng d
040 _aGCL /
_cGCL
082 0 4 _a910
_bL G
100 1 _aLANEYRIE - DAGEN, NADEIJE
245 1 0 _aLES GRANDS EXPLORATEURS /
_cLANEYRIE - DAGEN, NADEIJE
260 _a[S.N] :
_bLAROUSSE ،
_c1996
300 _a312 P
650 0 4 _aHISTORY
650 0 4 _aEXPLORATION
650 0 4 _aDISCOVERIES IN GEOGRAPHY
650 0 4 _aDISCOVERIES IN SCIENCS
942 _2ddc
_cBK
999 _c16384
_d16384